Falla e interrupción del uso de los métodos anticonceptivos en Costa Rica: 1987-1992 /
Costa Rica muestra una de las más altas tasas de uso de métodos anticonceptivos de América Latina, a pesar de esta alta prevalencia anticonceptiva la Tasa Global de Fecundidad es relativamente alta. El resultado de esta relación contribuye a explicar por qué en Costa Rica existe, un nivel importante...
Guardado en:
| Autor principal: | |
|---|---|
| Formato: | Texto |
| Materias: | |
| Etiquetas: |
Agregar Etiqueta
Sin Etiquetas, Sea el primero en etiquetar este registro!
|
MARC
| LEADER | 00000 a a2200000 04500 | ||
|---|---|---|---|
| 001 | 2977 | ||
| 003 | |||
| 040 | |||
| 100 | |a Castillo Sánchez, Mario | ||
| 245 | |a Falla e interrupción del uso de los métodos anticonceptivos en Costa Rica: 1987-1992 / |c Mario Castillo Sánchez | ||
| 520 | |a Costa Rica muestra una de las más altas tasas de uso de métodos anticonceptivos de América Latina, a pesar de esta alta prevalencia anticonceptiva la Tasa Global de Fecundidad es relativamente alta. El resultado de esta relación contribuye a explicar por qué en Costa Rica existe, un nivel importante de embarazos no planeados ni deseados. La meta del estudio fue obtener información en términos de falla e interrupción en el uso de los métodos anticonceptivos. Los resultados indican que existe un alto nivel de interrupción y de falla en el uso de los métodos, especialmente en los métodos naturales. REV//jmml | ||
| 650 | |a METODOS ANTICONCEPTIVOS | ||
| 650 | |a FERTILIZACION | ||
| 650 | |a CRECIMIENTO DEMOGRAFICO | ||
| 650 | |a INVESTIGACION | ||
| 650 | |a REPRODUCCION | ||
| 650 | |a EMBARAZO | ||
| 650 | |a MUJERES | ||
| 650 | |a METODOLOGIA | ||
| 650 | |a METODOS ANTICONCEPTIVOS | ||
| 650 | |a ESTADISTICA | ||
| 773 | |g volumen 16, número 1 -2; páginas 25-41 | ||
| 999 | |c 30229 |d 30229 | ||
